Communes de Perpignan Méditerranée Métropole sur une carte - Statistiques

Statistiques générales
  • Ce quiz a été pris 131 fois
  • Le résultat moyen est 17 sur 36
Réponses sur la Carte
Les réponses sont colorées sur une échelle allant du rouge au vert en fonction du pourcentage des utilisateurs qui les ont devinées à leur premier essai. Vous pouvez retrouver ces pourcentages ci-dessous.
 
Statistiques - réponses
Communes % Correct
Perpignan
97%
Canet-en-Roussillon
86%
Rivesaltes
74%
Le Barcarès
68%
Sainte-Marie-la-Mer
64%
Bompas
63%
Torreilles
63%
Cabestany
60%
Saint-Esteve
59%
Saint-Laurent-de-la-Salanque
58%
Le Soler
56%
Toulouges
56%
Villeneuve-de-la-Raho
54%
Villeneuve-la-Rivière
54%
Canohès
53%
Saleilles
51%
Pollestres
46%
Saint-Nazaire
43%
Villelongue-de-la-Salanque
43%
Baixas
42%
Pezilla-la-Rivière
41%
Baho
40%
Peyrestortes
40%
Saint-Feliu-d'Avall
34%
Tautavel
33%
Espira-de-l'Agly
31%
Ponteilla
31%
Estagel
30%
Opoul-Périllos
29%
Saint-Hippolyte
29%
Calce
25%
Cases-de-Pêne
25%
Llupia
23%
Vingrau
23%
Montner
15%
Cassagnes
11%
Aucun quiz correspondant
Distribution des résultats
% des personnes avec chaque résultat
Percentile par nombre de réponses
Votre historique - résultats
Vous n’avez pas pris ce quiz